đŸŽ¶ Paroles "Mon cher, aujourd'hui ma chĂšre" Louise Attaque - Statistiques

Statistiques générales
  • Ce quiz a Ă©tĂ© pris 3 fois
  • Le rĂ©sultat moyen est 183 sur 295
Statistiques - réponses
Mots % Correct
a
100%
Ă 
100%
au
100%
aujourd'hui
100%
c'
100%
chair
100%
cher,
100%
cher
100%
chĂšre
100%
cƓur
100%
d'
100%
de
100%
est
100%
est-
100%
et
100%
hier
100%
J'
100%
l'
100%
la
100%
ma
100%
Mon
100%
mon
100%
t'
100%
Toi
100%
toi
100%
beau
67%
ce
67%
en
67%
étais
67%
ĂȘtre
67%
jachĂšre
67%
"Le
67%
le
67%
n'
67%
par
67%
pas
67%
que
67%
tu
67%
Tu
67%
"Tu
67%
aime
33%
as
33%
autre
33%
comme
33%
des
33%
du
33%
Écoute
33%
entends
33%
fille
33%
fils
33%
Je
33%
les
33%
mais
33%
monde
33%
qui
33%
Qui
33%
sais
33%
sais,
33%
Si,
33%
su ?"
33%
te
33%
Te
33%
tout
33%
vu ?"
33%
aboyer
0%
Ceux
0%
Chaque
0%
comprendre
0%
début
0%
Devrait
0%
disait
0%
dit
0%
ĂȘtres
0%
faits
0%
fréquence
0%
hauts-
0%
héroïne !"
0%
héros:"
0%
humains
0%
identique
0%
invisible
0%
Laisse
0%
mĂȘme
0%
milliards
0%
ne
0%
"Non
0%
Nous
0%
nuisible"
0%
ordre
0%
Paralysés
0%
parleurs
0%
partout"
0%
Perdre
0%
perdus
0%
possible"
0%
possible
0%
rien
0%
rond
0%
seconde
0%
tĂȘte
0%
tourne
0%
tourner
0%
veulent
0%
vois
0%
voisine
0%
vouloir
0%
y
0%
Y
0%
Aucun quiz correspondant
Distribution des résultats
% des personnes avec chaque résultat
Percentile par nombre de réponses
Votre historique - résultats
Vous n’avez pas pris ce quiz